Gares de la ligne de chemin de fer de Savenay à Landerneau - Statistiques

Statistiques générales
  • Ce quiz a été pris 18 fois
    3 depuis la dernière actualisation
  • Le résultat moyen est 14 sur 25
Statistiques - réponses
Nombre de voyageurs (2023) Gare Département % Correct
1 910 564 Lorient 56
100%
202 706 Pontchâteau 44
100%
1 619 395 Quimper 29
100%
1 037 287 Redon 35
100%
787 338 Savenay 44
100%
2 170 614 Vannes 56
100%
1 258 333 Auray 56
67%
173 915 Hennebont 56
67%
817 055 Landerneau 29
67%
77 853 Malansac 56
67%
45 895 Pont-de-Buis 29
67%
320 096 Questembert 56
67%
446 178 Quimperlé 29
67%
272 283 Rosporden 29
67%
30 090 Sainte Anne 56
67%
40 376 Saint-Gildas-des-Bois 44
67%
66 176 Châteaulin 29
33%
9 969 Drefféac 44
33%
14 874 Gestel 56
33%
75 349 Landévant 56
33%
44 859 Bannalec 29
0%
15 066 Brandérion 56
0%
17 468 Dirinon 29
0%
41 628 Landaul-Mendon 56
0%
20 088 Sévérac 44
0%
Aucun quiz correspondant
Distribution des résultats
% des personnes avec chaque résultat
Percentile par nombre de réponses
Votre historique - résultats
Vous n’avez pas pris ce quiz depuis la dernière actualisation